• 首页
  • 本馆介绍
  • 公告通知
  • 最新文献
  • 馆藏检索
  • 电子资源
  • 读者导购
  • 参考咨询
  • 我的图书馆
  • 登录
  • 详细信息显示
  • 放入我的书架
  • 预约/预借图书
  • 作者相关作品
  • 分类相关作品
  • 丛书相关作品
  • 出版社相关作品

书目信息

  • 表格格式
  • 工作单格式
  • 卡片格式
题名:
蒙台梭利感官训练教具操作
    
 
作者: 傅晨 , 董吉贺 , 王丛丛 著
分册:  
出版信息: 济南   山东教育出版社  2018.10
页数: 189页
开本: 24cm
丛书名: 蒙台梭利幼儿教育丛书
单 册:
中图分类: G614
科图分类:
主题词: 学前教育--xue qian jiao yu--教具--制作
电子资源:
ISBN: 978-7-5328-9584-7
000 00973nam 2200277 450
001 0109110114
005 20201109110335.0
010    @a978-7-5328-9584-7@dCNY45.00
100    @a20190226d2018 em y0chiy50 ea
101 0  @achi
102    @aCN@b370000
105    @aa z 000yy
106    @ar
200 1  @a蒙台梭利感官训练教具操作@Ameng tai suo li gan guan xun lian jiao ju cao zuo@f傅晨, 董吉贺, 王丛丛等著
210    @a济南@c山东教育出版社@d2018.10
215    @a189页@c彩图@d24cm
225 2  @a蒙台梭利幼儿教育丛书@Ameng tai suo li you er jiao yu cong shu
330    @a本书简要阐述了蒙台梭利感官训练理论,讲解了各种感官训练教具的操作,并配有清晰的图片说明。
461  0 @12001 @a蒙台梭利幼儿教育丛书
606 0  @a学前教育@Axue qian jiao yu@x教具@x制作
690    @aG614@v5
701  0 @a傅晨@Afu chen@c(女)@4著
701  0 @a董吉贺@Adong ji he@4著
701  0 @a王丛丛@Awang cong cong@4著
801  0 @aCN@bBJSZM@c20201103
905    @b1267033-6@dG614@e1376@f4
    
    蒙台梭利感官训练教具操作/傅晨, 董吉贺, 王丛丛等著.-济南:山东教育出版社,2018.10
    189页:彩图;24cm.-(蒙台梭利幼儿教育丛书)
    
    
    ISBN 978-7-5328-9584-7:CNY45.00
    本书简要阐述了蒙台梭利感官训练理论,讲解了各种感官训练教具的操作,并配有清晰的图片说明。
●
相关链接 在E读中查询图书 在五车中查询图书 在当当中查询图书 在豆瓣中查询图书


正题名:蒙台梭利感官训练教具操作     索取号:G614/1376         预约/预借

序号 登录号 条形码 馆藏地/架位号 状态 备注
1 1267033   212670331   第一样本阅览室/ [索取号:G614/1376] 在馆    
2 1267034   212670340   教育系资料室/ [索取号:G614/1376] 在馆    
3 1267035   212670359   教育系资料室/ [索取号:G614/1376] 在馆    
4 1267036   212670368   第四借阅区/ [索取号:G614/1376] 在馆    
唐山师范学院图书馆 欢迎您!
大连网信软件有限公司© 版权所有